| 000 | 02313nam a2200397 i 4500 | ||
|---|---|---|---|
| 001 | 194955 | ||
| 003 | ES-MaACL | ||
| 005 | 20250902225558.0 | ||
| 007 | cr#||||||||||| | ||
| 008 | 240321s2022 sp s 000 0 spa d | ||
| 020 | _a9788492937899 | ||
| 040 |
_aES-MaCSI _bspa _cES-MaACL |
||
| 080 | _a008:33 | ||
| 080 | _a338.46 | ||
| 080 | _a351.85 | ||
| 100 | 1 |
_aMas, Matilde _978620 _eaut |
|
| 245 | 1 | 3 |
_aLa dimensión de las actividades culturales, creativas y TIC en España : _bEvolución temporal y comparación internacional / _cMatilde Mas Ivars, Juan Fernández de Guevara Radoselovics, Juan Carlos Robledo Domínguez. |
| 260 |
_aBilbao : _bFundación BBVA, _c2022. |
||
| 300 |
_a229 páginas ; _c24 cm |
||
| 336 |
_2rdacontent _atexto |
||
| 337 |
_2rdamedia _asin mediación |
||
| 338 |
_2rdacarrier _avolumen |
||
| 520 | _aDurante la última década han sido muy numerosos los trabajos que destacan la importancia de las actividades culturales y creativas, y su vinculación con la revolución tecnológica de las tecnologías de la información y la comunicación (TIC). En paralelo, se han desarrollado iniciativas para delimitar las actividades que deberían incorporar y los problemas de medición que plantean (Unesco, OCDE, Comisión Europea, Ministerio de Cultura y Deporte, etc.). El principal problema es que las fronteras de este tipo de actividades no están del todo bien definidas, pues cubren ámbitos de actividad muy distintos, desde las obras de arte hasta las telecomunicaciones y el software en algunas definiciones. | ||
| 650 | 0 |
_aTecnología de la información- _xActividad _2CSICAU _9236566 |
|
| 650 | 0 |
_aActividades recreativas _2CSICAU _9236567 |
|
| 650 | 7 |
_aIndustria cultural- _9155877 _zEspaña |
|
| 700 |
_aFernández de Guevara Radoselovics, Juan _9236568 _eaut |
||
| 700 | 1 |
_aRobledo Domínguez, Juan Carlos _9152138 _eaut |
|
| 710 | 2 |
_aFundación BBVA _94230 |
|
| 852 |
_aES-MaACL _cDEPOJ _jN-9923 _xEncuadernación rústica con solapas _hDonación: Editorial _9205845 |
||
| 942 |
_cMONOGRAFIA _n0 |
||
| 999 |
_c194955 _d194955 |
||